000 00297nam a22001337a 4500
008 170516b xxu||||| |||| 00| 0 eng d
020 _a2900073250860
041 _aeng
080 _29TH
_a94
100 _a16
101 _aSHH
245 _aTHE WESTERN EXPERIENCE
_cCHAMBERS, M
942 _2udc
_cBK
999 _c13337
_d13337